[Event "LSS No Engine Cup 195 Preliminary 0"]
[Site "LSS email"]
[Date "2019.11.12"]
[Round "?"]
[White "Hogan, Bernardo"]
[Black "Vio, Mauro"]
[Result "0-1"]
[WhiteElo "1595"]
[BlackElo "1896"]
[PlyCount "106"]
[EventDate "2019.11.13"]
[EventType "tourn (corr)"]
[EventRounds "6"]
[EventCountry "GER"]
[SourceTitle "Corr 2022"]
[Source "ChessBase"]
[SourceDate "2021.10.24"]
[SourceVersion "1"]
[SourceVersionDate "2021.10.24"]
[SourceQuality "1"]

1. e4 e5 2. Nf3 Nc6 3. Bb5 Nge7 4. d4 exd4 5. Nxd4 Nxd4 6. Qxd4 Nc6 7. Bxc6 dxc6 8. Qxd8+ Kxd8 9. Nc3 Bd6 10. 0-0 Ke7 11. Be3 Be6 12. Ne2 Bc4 13. Rfe1 Rad8 14. Nd4 f6 15. Nf5+ Kf7 16. Nxd6+ Rxd6 17. Rad1 Rhd8 18. Rxd6 cxd6 19. b3 Be6 20. f4 f5 21. exf5 Bxf5 22. c3 Re8 23. Kf2 c5 24. h3 Be4 25. g4 g6 26. g5 a6 27. h4 a5 28. Re2 b6 29. a3 Re6 30. b4 Ke7 31. Rb2 a4 32. bxc5 dxc5 33. Rd2 Bf5 34. Kf3 Be4+ 35. Kf2 Ke8 36. Kg3 Ke7 37. Bf2 Bc6 38. Rb2 Rd6 39. Rxb6 Rd3+ 40. Kh2 Kd6 41. f5 Rd2 42. fxg6 hxg6 43. Kg1 Rd1+ 44. Kh2 Rh1+ 45. Kg3 Rc1 46. Kh3 Kc7 47. Rb2 Rxc3+ 48. Kg4 Bd5 49. Rb5 Kc6 50. Rb8 Rxa3 51. Rc8+ Kd7 52. Rxc5 Rd3 53. Rc1 a3 0-1

[Event "LSS No Engine Cup 195 Preliminary 0"]
[Site "LSS email"]
[Date "2019.11.12"]
[Round "?"]
[White "Hogan, Bernardo"]
[Black "Wernitz, Helmut"]
[Result "0-1"]
[WhiteElo "1595"]
[BlackElo "1618"]
[PlyCount "126"]
[EventDate "2019.11.13"]
[EventType "tourn (corr)"]
[EventRounds "6"]
[EventCountry "GER"]
[SourceTitle "Corr 2022"]
[Source "ChessBase"]
[SourceDate "2021.10.24"]
[SourceVersion "1"]
[SourceVersionDate "2021.10.24"]
[SourceQuality "1"]

1. e4 e5 2. Nf3 Nc6 3. Bb5 a6 4. Ba4 Nf6 5. 0-0 Be7 6. Re1 b5 7. Bb3 0-0 8. c3 d5 9. exd5 Nxd5 10. Nxe5 Nxe5 11. Rxe5 c6 12. d4 Bd6 13. Bg5 Qc7 14. Re1 Bxh2+ 15. Kh1 Bf4 16. Bxd5 Bxg5 17. Bf3 Qd6 18. Nd2 Qh6+ 19. Kg1 Bxd2 20. Re2 Bf4 21. g3 Bc7 22. a4 Rb8 23. axb5 cxb5 24. Re7 Qd6 25. Re5 Be6 26. Qd3 f5 27. Rc5 Bc4 28. Qc2 f4 29. g4 Rb6 30. b3 Be6 31. Kg2 Bxg4 32. Rh1 Bxf3+ 33. Kxf3 g6 34. Qe4 Rf7 35. Re5 Qc6 36. Re8+ Kg7 37. Qxc6 Rxc6 38. Rc1 Ba5 39. c4 bxc4 40. bxc4 Bb4 41. d5 Rd6 42. c5 Rxd5 43. c6 Rc7 44. Rb8 Rb5 45. Rd8 Be7 46. Rd7 Rxd7 47. cxd7 Rd5 48. Rc7 Kf6 49. Rc6+ Ke5 50. Rxa6 Rd3+ 51. Ke2 Rxd7 52. Ra5+ Rd5 53. Ra7 Kf6 54. Kf3 g5 55. Ra6+ Rd6 56. Ra5 h5 57. Rb5 Kg6 58. Re5 Bf6 59. Rb5 Rd4 60. Kg2 g4 61. Ra5 h4 62. Kf1 f3 63. Ke1 h3 0-1

[Event "SE-2019-0-00299"]
[Site "LSS email"]
[Date "2019.08.02"]
[Round "?"]
[White "Hogan, Bernardo"]
[Black "Ruano Casanova, Enrique"]
[Result "1/2-1/2"]
[WhiteElo "1402"]
[BlackElo "800"]
[PlyCount "102"]
[EventDate "2019.05.18"]
[EventType "tourn (corr)"]
[EventRounds "6"]
[EventCountry "GER"]
[SourceTitle "Corr 2022"]
[Source "ChessBase"]
[SourceDate "2021.10.24"]
[SourceVersion "1"]
[SourceVersionDate "2021.10.24"]
[SourceQuality "1"]

1. e4 c5 2. Nf3 d6 3. d4 cxd4 4. Nxd4 Nf6 5. Nc3 a6 6. Bc4 e6 7. f3 Be7 8. Kf2 0-0 9. Be3 Qc7 10. Bb3 Nc6 11. Re1 Na5 12. Kg1 b5 13. Bf2 Rb8 14. Rc1 h6 15. Qe2 Bd7 16. Qd2 Rfc8 17. Nd1 Nc4 18. Bxc4 bxc4 19. b3 cxb3 20. axb3 d5 21. e5 Nh7 22. c3 a5 23. Nb2 Nf8 24. f4 Ba3 25. Bg3 Qb6 26. Bf2 Ng6 27. g3 Qd8 28. Rb1 Ne7 29. Nd3 Nc6 30. Nf3 d4 31. Bxd4 Ne7 32. Red1 Nf5 33. Ba7 Ra8 34. Bf2 Bc6 35. Nde1 Qc7 36. g4 Bxf3 37. Nxf3 Qxc3 38. Kg2 Qxd2 39. Nxd2 Ne7 40. Ra1 Bb4 41. Ne4 Nd5 42. Kf3 Be7 43. Rd3 Rc2 44. h4 Rb2 45. f5 Bd8 46. Rad1 Rb8 47. Nc3 R2xb3 48. Nxd5 exd5 49. Rxb3 Rxb3+ 50. Ke2 Rb5 51. Rc1 Rb8 1/2-1/2

[Event "RE-2019-0-00206"]
[Site "LSS email"]
[Date "2019.02.24"]
[Round "?"]
[White "Garrett, Keith"]
[Black "Hogan, Bernardo"]
[Result "1/2-1/2"]
[WhiteElo "800"]
[BlackElo "1301"]
[PlyCount "147"]
[EventDate "2018.09.13"]
[EventType "tourn (corr)"]
[EventRounds "6"]
[EventCountry "GER"]
[SourceTitle "Corr 2022"]
[Source "ChessBase"]
[SourceDate "2021.10.24"]
[SourceVersion "1"]
[SourceVersionDate "2021.10.24"]
[SourceQuality "1"]

1. d4 d5 2. c4 e6 3. Nf3 Nf6 4. Nc3 dxc4 5. e4 Bb4 6. Bxc4 Nxe4 7. 0-0 Nxc3 8. bxc3 Be7 9. Ne5 Nd7 10. Qg4 Nxe5 11. dxe5 Kf8 12. Rd1 Qe8 13. Rb1 b6 14. Qe4 Rb8 15. Bb5 Bb7 16. Qa4 c6 17. Be2 Ra8 18. Bf3 b5 19. Qa5 Bd8 20. Ba3+ Kg8 21. Qb4 Bb6 22. Qf4 Rc8 23. Bd6 Ba8 24. c4 bxc4 25. Qxc4 h6 26. a4 Bc7 27. Qc5 Bb6 28. Qc3 g6 29. a5 Bc7 30. Bc5 Kg7 31. h4 h5 32. a6 Bb6 33. Bxb6 axb6 34. Rxb6 Rc7 35. Qc5 Qe7 36. Qd6 c5 37. Bxa8 Rxa8 38. Kf1 c4 39. Qxe7 Rxe7 40. Ke2 Rea7 41. Ra1 g5 42. hxg5 Rc7 43. Kd2 Kg6 44. Kc3 Kxg5 45. Ra4 Kf5 46. Rxc4 Rca7 47. Ra4 Kxe5 48. Kb4 Rc7 49. Ra5+ Kf6 50. Kb5 h4 51. Ra2 Kg5 52. Ra4 e5 53. Rc6 Rd7 54. Kb6 Rb8+ 55. Kc5 Ra8 56. Rd6 Re7 57. Kc6 f5 58. Ra5 Rc8+ 59. Kb6 Rb8+ 60. Kc5 Ra8 61. Kc6 Rc8+ 62. Kb5 Ra8 63. Rb6 Rc7 64. Rb7 Rc2 65. a7 e4 66. Ka6 Rc6+ 67. Rb6 Rc7 68. Rb7 Rc6+ 69. Rb6 Rc7 70. Rb7 Rc6+ 71. Kb5 Rc2 72. Ka6 Rc6+ 73. Kb5 Rc2 74. Ka6 1/2-1/2

[Event "RE-2019-0-00206"]
[Site "LSS email"]
[Date "2019.02.24"]
[Round "?"]
[White "Hogan, Bernardo"]
[Black "Mweene, Telex"]
[Result "1-0"]
[WhiteElo "1301"]
[BlackElo "1675"]
[PlyCount "48"]
[EventDate "2018.09.13"]
[EventType "tourn (corr)"]
[EventRounds "6"]
[EventCountry "GER"]
[SourceTitle "Corr 2022"]
[Source "ChessBase"]
[SourceDate "2021.10.24"]
[SourceVersion "1"]
[SourceVersionDate "2021.10.24"]
[SourceQuality "1"]

1. e4 c5 2. Nf3 d6 3. d4 cxd4 4. Nxd4 Nf6 5. Nc3 a6 6. Be3 e5 7. Nb3 b5 8. a4 b4 9. Nd5 Nbd7 10. Nxb4 a5 11. Nd5 Nxe4 12. Qf3 f5 13. Bb5 Rb8 14. Qxf5 Nef6 15. Bg5 Be7 16. Bxf6 Bxf6 17. Qe6+ Be7 18. Kd1 Rf8 19. Nxa5 Rxb5 20. axb5 Nc5 21. Qxe7+ Qxe7 22. Nxe7 Kxe7 23. Nc6+ Kf7 24. Ra7+ Kf6 1-0

[Event "RE-2019-0-00206"]
[Site "LSS email"]
[Date "2019.02.24"]
[Round "?"]
[White "Raines, David T"]
[Black "Hogan, Bernardo"]
[Result "0-1"]
[WhiteElo "1216"]
[BlackElo "1301"]
[PlyCount "30"]
[EventDate "2018.09.13"]
[EventType "tourn (corr)"]
[EventRounds "6"]
[EventCountry "GER"]
[SourceTitle "Corr 2022"]
[Source "ChessBase"]
[SourceDate "2021.10.24"]
[SourceVersion "1"]
[SourceVersionDate "2021.10.24"]
[SourceQuality "1"]

1. d4 d5 2. c4 e6 3. Nc3 Nf6 4. Bg5 Be7 5. Bxf6 Bxf6 6. cxd5 exd5 7. Nf3 Kf8 8. e3 g6 9. Qb3 c6 10. 0-0-0 a5 11. a4 Kg7 12. e4 Na6 13. exd5 Nb4 14. dxc6 Bf5 15. Ne5 Bg5+ 0-1

[Event "SE-2019-0-00291"]
[Site "LSS email"]
[Date "2019.01.24"]
[Round "?"]
[White "Hogan, Bernardo"]
[Black "Couspeyre, Thierry"]
[Result "1-0"]
[WhiteElo "1312"]
[BlackElo "1316"]
[PlyCount "23"]
[EventDate "2018.12.10"]
[EventType "tourn (corr)"]
[EventRounds "6"]
[EventCountry "GER"]
[SourceTitle "Corr 2022"]
[Source "ChessBase"]
[SourceDate "2021.10.24"]
[SourceVersion "1"]
[SourceVersionDate "2021.10.24"]
[SourceQuality "1"]

1. d4 d5 2. Nc3 Nf6 3. Nf3 c5 4. Bf4 cxd4 5. Nxd4 Nc6 6. e4 dxe4 7. Nxc6 Qxd1+ 8. Rxd1 bxc6 9. Bc7 Bg4 10. Rd4 Bf5 11. Ba6 Bc8 12. Rd8# 1-0

[Event "OP-2018-0-04636"]
[Site "LSS email"]
[Date "2018.08.23"]
[Round "?"]
[White "Prokopets, Vasilij"]
[Black "Hogan, Bernardo"]
[Result "1/2-1/2"]
[WhiteElo "1379"]
[BlackElo "1263"]
[PlyCount "101"]
[EventDate "2018.08.07"]
[EventType "tourn (corr)"]
[EventRounds "4"]
[EventCountry "GER"]
[SourceTitle "Corr 2022"]
[Source "ChessBase"]
[SourceDate "2021.10.24"]
[SourceVersion "1"]
[SourceVersionDate "2021.10.24"]
[SourceQuality "1"]

1. e4 c5 2. c3 d6 3. d4 cxd4 4. cxd4 Nf6 5. Nc3 Nc6 6. Bb5 Bd7 7. Nf3 a6 8. Be2 e6 9. 0-0 d5 10. exd5 exd5 11. Bg5 Be7 12. Bxf6 Bxf6 13. Nxd5 Kf8 14. Nxf6 Qxf6 15. Rc1 Be6 16. d5 Rd8 17. Qb3 Bxd5 18. Qxb7 Bxf3 19. Bxf3 Nd4 20. Rc8 Nxf3+ 21. gxf3 Qg5+ 22. Kh1 g6 23. Rxd8+ Qxd8 24. Qxa6 Kg7 25. Re1 Qd5 26. Qe2 Rc8 27. a4 Rb8 28. Qe4 Qd6 29. Qc2 Qf6 30. Qc3 Rxb2 31. Qxf6+ Kxf6 32. Ra1 Rxf2 33. a5 Re2 34. a6 Re8 35. a7 Ra8 36. Kg2 Ke6 37. Kg3 Kd6 38. Kf4 f6 39. Ke4 Kc5 40. Kd3 Kb6 41. Ke4 Rxa7 42. Rxa7 Kxa7 43. Kd5 Kb6 44. Ke6 f5 45. Kd5 g5 46. Ke5 f4 47. Kf5 h6 48. h3 Kc5 49. Kg6 Kd4 50. Kxh6 Ke3 51. Kxg5 1/2-1/2

[Event "OP-2018-0-04617"]
[Site "LSS email"]
[Date "2018.07.11"]
[Round "?"]
[White "Edwardson, Zachariah"]
[Black "Hogan, Bernardo"]
[Result "1/2-1/2"]
[WhiteElo "1331"]
[BlackElo "1252"]
[PlyCount "41"]
[EventDate "2018.07.02"]
[EventType "tourn (corr)"]
[EventRounds "4"]
[EventCountry "GER"]
[SourceTitle "Corr 2022"]
[Source "ChessBase"]
[SourceDate "2021.10.24"]
[SourceVersion "1"]
[SourceVersionDate "2021.10.24"]
[SourceQuality "1"]

1. d4 d5 2. Nf3 Nf6 3. Bf4 Bf5 4. e3 e6 5. c4 Nbd7 6. Nc3 Bb4 7. Qb3 c5 8. Be2 dxc4 9. Bxc4 a6 10. Be2 b5 11. a4 Nd5 12. axb5 axb5 13. Rxa8 Qxa8 14. 0-0 c4 15. Nxd5 cxb3 16. Nc7+ Ke7 17. Nxa8 Rxa8 18. d5 Ra2 19. Bxb5 Rxb2 20. Nd4 Bc3 21. d6+ 1/2-1/2

[Event "SE-2018-0-00274"]
[Site "LSS email"]
[Date "2018.04.01"]
[Round "?"]
[White "Hogan, Bernardo"]
[Black "Pliska, Miroslav"]
[Result "1-0"]
[WhiteElo "1237"]
[BlackElo "1188"]
[PlyCount "45"]
[EventDate "2018.02.07"]
[EventType "tourn (corr)"]
[EventRounds "6"]
[EventCountry "GER"]
[SourceTitle "Corr 2022"]
[Source "ChessBase"]
[SourceDate "2021.10.24"]
[SourceVersion "1"]
[SourceVersionDate "2021.10.24"]
[SourceQuality "1"]

1. d4 b5 2. e4 Bb7 3. e5 e6 4. Nf3 a6 5. Bd3 Ne7 6. Bg5 Qc8 7. Nbd2 Ng6 8. 0-0 c5 9. Be4 d5 10. exd6 Bxd6 11. Bxb7 Qxb7 12. dxc5 Bxc5 13. Nb3 Be7 14. Bxe7 Qxe7 15. a4 bxa4 16. Rxa4 0-0 17. Qe2 Qc7 18. Rc4 Qb7 19. g3 Nd7 20. Ra1 h6 21. Nfd4 Nge5 22. Rca4 Nb8 23. Qxe5 1-0

[Event "LSS No Engine Cup 175 Preliminary 0"]
[Site "LSS email"]
[Date "2017.12.10"]
[Round "?"]
[White "Hogan, Bernardo"]
[Black "Keller, Thomas"]
[Result "1-0"]
[WhiteElo "1569"]
[BlackElo "1529"]
[PlyCount "37"]
[EventDate "2017.12.11"]
[EventType "tourn (corr)"]
[EventRounds "6"]
[EventCountry "GER"]
[SourceTitle "Corr 2022"]
[Source "ChessBase"]
[SourceDate "2021.10.24"]
[SourceVersion "1"]
[SourceVersionDate "2021.10.24"]
[SourceQuality "1"]

1. d4 Nf6 2. c4 e6 3. Nc3 Bb4 4. Bg5 h6 5. Bh4 c5 6. d5 Bxc3+ 7. bxc3 d6 8. Nf3 Qe7 9. e4 g5 10. Bg3 exd5 11. Bxd6 Qxe4+ 12. Qe2 Nbd7 13. cxd5 Qxe2+ 14. Bxe2 Nxd5 15. Bb5 Kd8 16. Kd2 c4 17. Bxc4 N7b6 18. Bb3 f6 19. c4 1-0

[Event "LSS No Engine Cup 172 Preliminary 0"]
[Site "LSS email"]
[Date "2017.08.19"]
[Round "?"]
[White "Herzog, Klaus"]
[Black "Hogan, Bernardo"]
[Result "1-0"]
[WhiteElo "2236"]
[BlackElo "1575"]
[PlyCount "67"]
[EventDate "2017.08.20"]
[EventType "tourn (corr)"]
[EventRounds "6"]
[EventCountry "GER"]
[SourceTitle "Corr 2022"]
[Source "ChessBase"]
[SourceDate "2021.10.24"]
[SourceVersion "1"]
[SourceVersionDate "2021.10.24"]
[SourceQuality "1"]

1. e4 c5 2. Nf3 Nc6 3. Bb5 Nf6 4. 0-0 d6 5. Re1 Bd7 6. h3 g6 7. c3 a6 8. Ba4 Bg7 9. d4 cxd4 10. cxd4 0-0 11. Nc3 Rc8 12. e5 dxe5 13. dxe5 Ne8 14. Qe2 e6 15. Bg5 Qb6 16. Rad1 Rc7 17. Bxc6 Bxc6 18. Bd8 h5 19. Nd4 Kh7 20. Bxc7 Nxc7 21. Nxc6 Qxc6 22. Rd6 Qc5 23. Qe4 Nb5 24. Nxb5 Qxb5 25. Qe2 Qa5 26. Rd7 b6 27. a3 Qa4 28. Qd3 b5 29. Re4 Qa5 30. Qf3 Kg8 31. b4 Qb6 32. Rf4 f6 33. exf6 Bh6 34. Qe4 1-0

[Event "RF-2017-0-00402"]
[Site "LSS email"]
[Date "2017.08.18"]
[Round "?"]
[White "Hogan, Bernardo"]
[Black "Recio Chicharro, Luis"]
[Result "0-1"]
[WhiteElo "1273"]
[BlackElo "1109"]
[PlyCount "84"]
[EventDate "2017.07.14"]
[EventType "tourn (corr)"]
[EventRounds "6"]
[EventCountry "GER"]
[SourceTitle "Corr 2022"]
[Source "ChessBase"]
[SourceDate "2021.10.24"]
[SourceVersion "1"]
[SourceVersionDate "2021.10.24"]
[SourceQuality "1"]

1. d4 d5 2. Nf3 Nc6 3. c4 e6 4. Nc3 Nf6 5. Bg5 Be7 6. e3 h6 7. Bh4 0-0 8. cxd5 exd5 9. Bd3 Be6 10. 0-0 Qd7 11. Ne5 Nxe5 12. dxe5 Ne8 13. Bxe7 Qxe7 14. Ne2 c6 15. f4 Qc5 16. Nd4 Nc7 17. Rc1 Qb6 18. f5 Bd7 19. Qh5 f6 20. e6 Be8 21. Qh4 c5 22. Ne2 c4 23. Qd4 Qd6 24. Bxc4 Bc6 25. Bd3 Rfe8 26. Rf3 Bb5 27. Rxc7 Bxd3 28. Rd7 Qa6 29. Nc3 Rad8 30. Qxd5 Bc4 31. Qxb7 Rxd7 32. Qxd7 Qc8 33. Qf7+ Kh8 34. Rg3 Rg8 35. Qxa7 Qd8 36. Qd4 Qc7 37. Rg4 Ba6 38. Qa4 Bd3 39. Rd4 Bxf5 40. Rd7 Qe5 41. Qd4 Qxe6 42. e4 Qxd7 0-1

[Event "RF-2017-0-00394"]
[Site "LSS email"]
[Date "2017.07.01"]
[Round "?"]
[White "Hoehne, Micha"]
[Black "Hogan, Bernardo"]
[Result "1-0"]
[WhiteElo "1870"]
[BlackElo "1251"]
[PlyCount "65"]
[EventDate "2017.06.16"]
[EventType "tourn (corr)"]
[EventRounds "6"]
[EventCountry "GER"]
[SourceTitle "Corr 2022"]
[Source "ChessBase"]
[SourceDate "2021.10.24"]
[SourceVersion "1"]
[SourceVersionDate "2021.10.24"]
[SourceQuality "1"]

1. e4 c5 2. Bc4 d6 3. Nc3 Nf6 4. Nf3 Nc6 5. 0-0 Na5 6. Bb5+ Bd7 7. Bxd7+ Nxd7 8. d4 cxd4 9. Nxd4 g6 10. Bg5 Bg7 11. Nd5 Nf6 12. Bxf6 exf6 13. f4 Nc6 14. c3 0-0 15. f5 Re8 16. Qf3 Ne5 17. Qf2 g5 18. Nb5 Qa5 19. Nbc7 Nd3 20. Qd4 Qc5 21. Nxa8 Qxd4+ 22. cxd4 Rxa8 23. Rf3 Nxb2 24. Rb1 Nc4 25. Rxb7 g4 26. Rc3 Nd2 27. Rcc7 Rf8 28. Re7 Bh6 29. Rxa7 Kg7 30. Kf2 Bg5 31. Ke2 h5 32. Nc7 Kg8 33. Ne6 1-0

[Event "RF-2017-0-00394"]
[Site "LSS email"]
[Date "2017.07.01"]
[Round "?"]
[White "Hogan, Bernardo"]
[Black "Raines, David T"]
[Result "1/2-1/2"]
[WhiteElo "1251"]
[BlackElo "1322"]
[PlyCount "90"]
[EventDate "2017.06.16"]
[EventType "tourn (corr)"]
[EventRounds "6"]
[EventCountry "GER"]
[SourceTitle "Corr 2022"]
[Source "ChessBase"]
[SourceDate "2021.10.24"]
[SourceVersion "1"]
[SourceVersionDate "2021.10.24"]
[SourceQuality "1"]

1. d4 Nf6 2. c4 e6 3. Nc3 Bb4 4. Qc2 a5 5. Bg5 Be7 6. e3 b6 7. Nf3 Bb7 8. Be2 0-0 9. 0-0 d6 10. Rad1 Nbd7 11. e4 h6 12. Bxf6 Bxf6 13. e5 Bg5 14. exd6 cxd6 15. d5 e5 16. Nxg5 hxg5 17. Ne4 Nc5 18. Nxc5 bxc5 19. Rd3 f6 20. Rh3 Kf7 21. Bh5+ Ke7 22. Qg6 Kd7 23. Qxg7+ Qe7 24. Qxe7+ Kxe7 25. Bg6 Bc8 26. Rh7+ Kd8 27. h3 a4 28. b3 axb3 29. axb3 Rb8 30. Bc2 Rb7 31. Ra1 Rxh7 32. Bxh7 Rf7 33. Bg6 Rb7 34. Ra8 Kc7 35. Bc2 Rb8 36. Ra7+ Rb7 37. Ra2 Kb8 38. Kh2 Ra7 39. Ra4 Rxa4 40. bxa4 Kb7 41. g3 Ka6 42. h4 gxh4 43. gxh4 Bg4 44. Kg3 Bh5 45. Bf5 Ka5 1/2-1/2

[Event "RF-2017-0-00376"]
[Site "LSS email"]
[Date "2017.04.12"]
[Round "?"]
[White "Hogan, Bernardo"]
[Black "Shim Ng Min, Francis"]
[Result "1-0"]
[WhiteElo "1241"]
[BlackElo "1203"]
[PlyCount "24"]
[EventDate "2017.03.25"]
[EventType "tourn (corr)"]
[EventRounds "6"]
[EventCountry "GER"]
[SourceTitle "Corr 2022"]
[Source "ChessBase"]
[SourceDate "2021.10.24"]
[SourceVersion "1"]
[SourceVersionDate "2021.10.24"]
[SourceQuality "1"]

1. d4 Nf6 2. c4 e6 3. Nc3 Bb4 4. Bg5 c5 5. a3 Bxc3+ 6. bxc3 Qa5 7. Qd3 Ne4 8. Bd2 Nxd2 9. Qxd2 0-0 10. Nf3 d5 11. e3 Nc6 12. cxd5 cxd4 1-0

[Event "RF-2017-0-00376"]
[Site "LSS email"]
[Date "2017.04.12"]
[Round "?"]
[White "Lenz, Juergen"]
[Black "Hogan, Bernardo"]
[Result "1/2-1/2"]
[WhiteElo "1151"]
[BlackElo "1241"]
[PlyCount "75"]
[EventDate "2017.03.25"]
[EventType "tourn (corr)"]
[EventRounds "6"]
[EventCountry "GER"]
[SourceTitle "Corr 2022"]
[Source "ChessBase"]
[SourceDate "2021.10.24"]
[SourceVersion "1"]
[SourceVersionDate "2021.10.24"]
[SourceQuality "1"]

1. d4 d5 2. Bf4 Nc6 3. e3 Nf6 4. c4 e6 5. Nc3 Bb4 6. Nf3 0-0 7. Bd3 dxc4 8. Bxc4 Ne4 9. Qc2 Nxc3 10. bxc3 Bd6 11. Bg3 Na5 12. Bd3 f5 13. 0-0 Nc6 14. Bxd6 Qxd6 15. e4 Qf4 16. Rae1 Bd7 17. exf5 exf5 18. Ne5 Nxe5 19. Rxe5 b6 20. g3 Qf3 21. Bc4+ Kh8 22. Bd5 Qh5 23. Bxa8 Rxa8 24. f4 Rd8 25. Rfe1 Qg4 26. Qe2 Qg6 27. Qa6 h5 28. Kg2 Bc6+ 29. Kf2 Qg4 30. R1e2 Qf3+ 31. Ke1 Qxc3+ 32. Kf1 Qf3+ 33. Ke1 Be4 34. Qa4 Qc3+ 35. Kf2 Qf3+ 36. Ke1 Qc3+ 37. Kf2 Qf3+ 38. Ke1 1/2-1/2

[Event "RF-2017-0-00376"]
[Site "LSS email"]
[Date "2017.04.12"]
[Round "?"]
[White "Pliska, Miroslav"]
[Black "Hogan, Bernardo"]
[Result "0-1"]
[WhiteElo "1147"]
[BlackElo "1241"]
[PlyCount "126"]
[EventDate "2017.03.25"]
[EventType "tourn (corr)"]
[EventRounds "6"]
[EventCountry "GER"]
[SourceTitle "Corr 2022"]
[Source "ChessBase"]
[SourceDate "2021.10.24"]
[SourceVersion "1"]
[SourceVersionDate "2021.10.24"]
[SourceQuality "1"]

1. f4 f5 2. Nf3 Nf6 3. e3 Nc6 4. b3 e6 5. Bb2 Bb4 6. Bb5 0-0 7. 0-0 Qe7 8. Bxc6 bxc6 9. Ne5 Bb7 10. d3 d6 11. Nf3 Ng4 12. Qe2 a5 13. Nbd2 e5 14. fxe5 Nxe5 15. Nxe5 dxe5 16. Nc4 Bd6 17. Rf3 e4 18. Rf2 exd3 19. Qxd3 f4 20. Raf1 fxe3 21. Nxe3 Qh4 22. g3 Qg5 23. Rf5 Rxf5 24. Rxf5 Qg6 25. Qc4+ Kh8 26. Rf7 Bf8 27. Nf5 Ba6 28. Qxa6 Bc5+ 29. Kg2 Rxa6 30. Rxg7 Qxg7 31. Nxg7 Kg8 32. Ne6 Bd6 33. a4 Ra8 34. Nd4 Re8 35. Kf3 c5 36. Nc6 Kf7 37. Nxa5 h5 38. Nc4 Kg6 39. Bc3 Kg5 40. Ne3 Rf8+ 41. Ke2 h4 42. Nc4 hxg3 43. hxg3 Bxg3 44. Ke3 Kf5 45. Kd3 Rd8+ 46. Ke2 Ke4 47. Na5 Bf4 48. Nc6 Rd6 49. Na5 Rh6 50. Nb7 Rh2+ 51. Kd1 Ke3 52. Nxc5 Rh1+ 53. Be1 Bg3 54. Nd3 Bxe1 55. Nxe1 Kf2 56. a5 Rxe1+ 57. Kd2 Re3 58. b4 Kf3 59. c3 Ke4 60. a6 Rd3+ 61. Kc2 Rd8 62. Kb3 Kd5 63. c4+ Kc6 0-1

[Event "RF-2017-0-00368"]
[Site "LSS email"]
[Date "2017.03.04"]
[Round "?"]
[White "Hogan, Bernardo"]
[Black "Trevis, Robert R"]
[Result "1-0"]
[WhiteElo "1293"]
[BlackElo "1204"]
[PlyCount "69"]
[EventDate "2017.02.11"]
[EventType "tourn (corr)"]
[EventRounds "6"]
[EventCountry "GER"]
[SourceTitle "Corr 2022"]
[Source "ChessBase"]
[SourceDate "2021.10.24"]
[SourceVersion "1"]
[SourceVersionDate "2021.10.24"]
[SourceQuality "1"]

1. d4 Nf6 2. c4 e5 3. dxe5 Ng4 4. Nf3 Bc5 5. e3 0-0 6. Nc3 Nc6 7. Be2 Ngxe5 8. Nxe5 Nxe5 9. 0-0 Re8 10. Na4 Bb4 11. a3 Bf8 12. b4 d6 13. Bb2 Bf5 14. Bd4 d5 15. cxd5 Qxd5 16. Nc3 Qc6 17. Bb5 Qg6 18. Bxe8 Rxe8 19. Nd5 Bc2 20. Nf4 Qc6 21. Qe2 Bb3 22. Rfc1 Bc4 23. Qh5 g6 24. Qh3 Bg7 25. Qg3 f5 26. h4 Qa6 27. h5 Re7 28. hxg6 Nxg6 29. Bxg7 Rxg7 30. Nh5 Rd7 31. Rxc4 Qb6 32. Rac1 Qa6 33. Rxc7 Rxc7 34. Qxc7 Ne7 35. Qxe7 1-0

[Event "RF-2017-0-00368"]
[Site "LSS email"]
[Date "2017.03.02"]
[Round "?"]
[White "Couspeyre, Thierry"]
[Black "Hogan, Bernardo"]
[Result "1-0"]
[WhiteElo "1347"]
[BlackElo "1293"]
[PlyCount "67"]
[EventDate "2017.02.11"]
[EventType "tourn (corr)"]
[EventRounds "6"]
[EventCountry "GER"]
[SourceTitle "Corr 2022"]
[Source "ChessBase"]
[SourceDate "2021.10.24"]
[SourceVersion "1"]
[SourceVersionDate "2021.10.24"]
[SourceQuality "1"]

1. d4 d5 2. c4 c6 3. Nf3 Nf6 4. Nc3 Bf5 5. e3 e6 6. Be2 Bb4 7. 0-0 0-0 8. Bd2 Na6 9. a3 Bd6 10. c5 Bc7 11. Qa4 Nb8 12. b4 Nbd7 13. Nh4 Ne4 14. Nxe4 Bxe4 15. Nf3 f5 16. g3 Nf6 17. Ng5 Qe7 18. f3 h6 19. Nh3 Bxg3 20. hxg3 Bxf3 21. Bxf3 e5 22. Qb3 e4 23. Be2 Nh7 24. Nf4 Qg5 25. Be1 Rae8 26. b5 Nf6 27. bxc6 bxc6 28. Qb7 Ng4 29. Bxg4 fxg4 30. Qxc6 Rf5 31. Qxe8+ Kh7 32. Rb1 h5 33. Rb8 h4 34. Qh8# 1-0

[Event "SE-2016-0-00242"]
[Site "LSS email"]
[Date "2016.12.29"]
[Round "?"]
[White "Slavin, Pablo"]
[Black "Hogan, Bernardo"]
[Result "1-0"]
[WhiteElo "1334"]
[BlackElo "1363"]
[PlyCount "53"]
[EventDate "2016.10.28"]
[EventType "tourn (corr)"]
[EventRounds "6"]
[EventCountry "GER"]
[SourceTitle "Corr 2022"]
[Source "ChessBase"]
[SourceDate "2021.10.24"]
[SourceVersion "1"]
[SourceVersionDate "2021.10.24"]
[SourceQuality "1"]

1. e4 c5 2. Nf3 d6 3. Nc3 Nf6 4. d4 cxd4 5. Nxd4 a6 6. Bg5 e6 7. f4 Be7 8. Qf3 Nbd7 9. 0-0-0 h6 10. Bh4 0-0 11. Bc4 Qc7 12. Bxe6 Nc5 13. Bxc8 Raxc8 14. Bxf6 Bxf6 15. Nd5 Qd8 16. Nf5 Re8 17. Nxf6+ Qxf6 18. Nxd6 g5 19. Nxc8 Rxc8 20. fxg5 Qxg5+ 21. Kb1 Kf8 22. Rhf1 Qg6 23. Rd6 Ne6 24. Rd7 Ng5 25. Qf5 Qc6 26. Rxf7+ Ke8 27. Rf8+ 1-0

[Event "SE-2016-0-00242"]
[Site "LSS email"]
[Date "2016.12.29"]
[Round "?"]
[White "Wilshusen, Horst"]
[Black "Hogan, Bernardo"]
[Result "1-0"]
[WhiteElo "1303"]
[BlackElo "1363"]
[PlyCount "61"]
[EventDate "2016.10.28"]
[EventType "tourn (corr)"]
[EventRounds "6"]
[EventCountry "GER"]
[SourceTitle "Corr 2022"]
[Source "ChessBase"]
[SourceDate "2021.10.24"]
[SourceVersion "1"]
[SourceVersionDate "2021.10.24"]
[SourceQuality "1"]

1. Nf3 d5 2. g3 Nf6 3. Bg2 Bf5 4. d3 e6 5. Nh4 Bg4 6. h3 Bh5 7. c3 Bd6 8. Nd2 Nbd7 9. Bf3 Bxf3 10. Ndxf3 0-0 11. Qc2 c5 12. Bg5 h6 13. Bd2 Qc7 14. g4 Nh7 15. 0-0-0 g5 16. Ng2 Ne5 17. Nxe5 Bxe5 18. e3 Qa5 19. Kb1 Qb6 20. f4 gxf4 21. exf4 Bg7 22. Rdf1 f5 23. Ne1 Nf6 24. Nf3 fxg4 25. hxg4 Nxg4 26. Rfg1 h5 27. Rxh5 Nf6 28. Rhg5 Rf7 29. Ne5 Re7 30. Be3 Nd7 31. Qg2 1-0